[Event "Helsingor Xtracon op"]
[Site "Helsingor"]
[Date "2017.07.26"]
[Round "6"]
[White "Hina, Ariza"]
[Black "Jacobsen, Stig Jerlow"]
[Result "1/2-1/2"]
[WhiteElo "1555"]
[BlackElo "1209"]
[PlyCount "94"]
[EventDate "2017.07.22"]
[EventType "swiss"]
[EventRounds "10"]
[EventCountry "DEN"]
[SourceTitle "CBM 179 Extra"]
[Source "ChessBase"]
[SourceDate "2017.08.23"]
[SourceVersion "1"]
[SourceVersionDate "2017.08.23"]
[SourceQuality "1"]

1. e4 d5 2. exd5 Nf6 3. Nc3 Nxd5 4. d4 Bf5 5. Bc4 Nxc3 6. bxc3 e6 7. Nf3 Be7 8. Bf4 Nd7 9. 0-0 0-0 10. Bb3 Bd6 11. Bg5 Be7 12. Bxe7 Qxe7 13. d5 Nc5 14. dxe6 Nxb3 15. exf7+ Rxf7 16. cxb3 Bg4 17. Re1 Qf8 18. Re3 Bxf3 19. Rxf3 Rxf3 20. Qxf3 Qxf3 21. gxf3 Rd8 22. Re1 Kf7 23. Re2 g6 24. Kg2 h5 25. Kg3 Kf6 26. c4 a6 27. f4 c6 28. f3 Rd3 29. c5 Rd7 30. Re4 Rd5 31. b4 Rd2 32. a4 Rd7 33. a5 Kf5 34. h3 Kf6 35. Re5 Rd4 36. Re4 Rd7 37. Kf2 Rd3 38. Re3 Rd2+ 39. Kg3 Rd4 40. Re4 Rd7 41. Kf2 Rd2+ 42. Ke3 Rd7 43. h4 Rd5 44. Rd4 Rxd4 45. Kxd4 Kf5 46. Ke3 Kf6 47. Ke4 Ke6 1/2-1/2

[Event "Helsingor Xtracon op"]
[Site "Helsingor"]
[Date "2017.07.23"]
[Round "3"]
[White "Jacobsen, Stig Jerlow"]
[Black "Tryggestad, Linnea Garberg"]
[Result "0-1"]
[WhiteElo "1209"]
[BlackElo "1597"]
[PlyCount "65"]
[EventDate "2017.07.22"]
[EventType "swiss"]
[EventRounds "10"]
[EventCountry "DEN"]
[SourceTitle "CBM 179 Extra"]
[Source "ChessBase"]
[SourceDate "2017.08.23"]
[SourceVersion "1"]
[SourceVersionDate "2017.08.23"]
[SourceQuality "1"]

1. d4 Nf6 2. Nf3 g6 3. e3 d5 4. b3 Bg7 5. Bb2 0-0 6. Bd3 Bg4 7. h3 Bxf3 8. Qxf3 c6 9. 0-0 Nbd7 10. Nd2 Qc7 11. Qe2 e5 12. dxe5 Nxe5 13. Bxe5 Qxe5 14. f4 Qe7 15. f5 Nh5 16. Rab1 Ng3 17. Qf3 Nxf1 18. Rxf1 Bh6 19. Re1 d4 20. Nc4 b5 21. Na5 Qb4 22. Re2 Bxe3+ 23. Kh1 Qxa5 24. f6 Rfe8 25. h4 b4 26. g4 Qxa2 27. Rg2 Qa1+ 28. Kh2 Qe1 29. Qh3 Bf4+ 30. Rg3 Qf2+ 31. Qg2 Bxg3+ 32. Kh1 Re1+ 33. Qg1 0-1